header

The sounds and phonemes of Wulfila's Gothic (Record no. 110880)

MARC details
000 -LEADER
fixed length control field 01296nam a2200325Ia 4500
100 1# - MAIN ENTRY--AUTHOR NAME
Personal name Marchand, James Woodrow,
245 14 - TITLE STATEMENT
Title The sounds and phonemes of Wulfila's Gothic
260 ## - PUBLICATION, DISTRIBUTION, ETC. (IMPRINT)
Place of publication The Hague :
Name of publisher Mouton,
Year of publication 1973.
300 ## - PHYSICAL DESCRIPTION
Number of Pages 111 p.
490 0# - SERIES STATEMENT
Series statement Janua linguarum. Series practica ;
500 ## - GENERAL NOTE
General note Originally presented as the author's thesis, University of Michigan.
650 #0 - SUBJECT ADDED ENTRY--TOPICAL TERM
Topical Term Gothic language
856 40 - ELECTRONIC LOCATION AND ACCESS
Uniform Resource Identifier http://site.ebrary.com/lib/rucke/Doc?id=10599653

No items available.

© 2026 Rongo University
Contact us: librarian | system librarian | Rongo university